Quizzes for quirky minds / (Record no. 168183)

MARC details
000 -LEADER
fixed length control field 00645nam a22001817a 4500
010 ## - LCCN (DPL NO)
LC control number B-730452
020 ## - INTERNATIONAL STANDARD BOOK NUMBER
International Standard Book Number 9789353040529
Terms of availability 250.00
035 ## - SYSTEM CONTROL NUMBER
System control number B-730452
037 ## - SOURCE OF ACQUISITION
Stock number dpl
Source of stock number/acquisition Rupa Publication
082 ## - DEWEY DECIMAL CLASSIFICATION NUMBER
Classification number 793.73
100 ## - MAIN ENTRY--PERSONAL NAME
Personal name Ashley, Berty
245 ## - TITLE STATEMENT
Title Quizzes for quirky minds /
Statement of responsibility, etc by Berty Ashley
260 ## - PUBLICATION, DISTRIBUTION, ETC. (IMPRINT)
Place of publication, distribution, etc New Delhi
Name of publisher, distributor, etc Rupa Publications
Date of publication, distribution, etc 2018
270 ## - ADDRESS
Address 4379/4B, Prakash House, Ansari Road,
City New Delhi
Postal code 110002
300 ## - PHYSICAL DESCRIPTION
Extent 206p.
Dimensions 20cm(pbk)
942 ## - ADDED ENTRY ELEMENTS (KOHA)
Source of classification or shelving scheme Dewey Decimal Classification
Item type Children Books
Call number suffix ASH
Classification part 793.73
Holdings
Withdrawn status Lost status Not for loan Collection code Home library Current library Date acquired Source of acquisition Cost, normal purchase price Full call number Barcode Copy number Cost, replacement price Koha item type
      Non-fiction Sarojini Nagar Sarojini Nagar 27/09/2019 Gift/ Eng /26.09.2019 250.00 793.73 ASH B-730452 1 250.00 Children Books

© Delhi Public Library
Hit Counter
free hit counter